000 01385cab a2200301 4500
001 ABS56456
008 090401t1996 xxu||||| |||| 00| 0 eng d
035 _a(Sirsi) u23735
041 _aeng
100 _aGrainger, N.R.
245 _aCompulsory purchase: withdrawal of Notice to Treat after possession by a privatised water company
260 _c1996
350 _a0
490 _aProperty Management
_v14(4) 1996, 6-10(5)
520 _aReports the case of R v Northumbrian Water Ltd ex parte Able UK Ltd, which highlights the issues of withdrawal of notice to treat after possession of land has been taken and whether an advance payment of compensation should be repaid. Suggests that the state of the law raises questions about the compulsory purchase powers of privatised companies, and the rights of owners in relation to the Land Compensation Acts of 1961 and 1973 as amended.
650 _aADVANCE PAYMENT
650 _aCOMPENSATION
650 _aCompulsory purchase
_96228
650 _aLAND COMPENSATION ACT 1961 S31(1)
650 _aLAND COMPENSATION ACT 1973 S52
650 _aNOTICE TO TREAT
650 _aR V NORTHUMBRIAN WATER LTD EX P ABLE UK LTD
650 _aREPAYMENT
650 _aWITHDRAWAL
690 _aENVIRONMENTAL AND LAND CONSULTANCY-PLANNING AND DEVELOPMENT-COMPULSORY PURCHASE AND COMPENSATION
942 _n0
948 _c04/03/1997
999 _c15890
_d15890